Quiz - Les brésiliens dans l'histoire du football ! - Statistiques

Statistiques générales
  • Ce quiz a été pris 80 fois
  • Le résultat moyen est 10 sur 20
Statistiques - réponses
Questions Réponses % Correct
Quel Brésilien a été transféré pour 222 millions d'euros, record mondial absolu ? Neymar
100%
Quel Brésilien a inscrit un coup franc contre la France en 1997, si courbé que des physiciens ont créé une équation pour l'expliquer ? Roberto Carlos
95%
Quel Brésilien a marqué un doublé en finale de Coupe du Monde à seulement 17 ans ? Pelé
76%
Quel Brésilien a remporté le Ballon d'Or en 2007 ? Kaká
71%
Quel Brésilien a joué plus de 700 matchs avec le PSG et en est devenu le capitaine historique ? Marquinhos
71%
Quel Brésilien a reçu une ovation debout du stade Santiago Bernabeu adverse après un match légendaire en 2005 ? Ronaldinho
64%
Quel Brésilien est le joueur le plus titré de l'histoire du football avec 43 trophées ? Dani Alves
61%
Quel Brésilien a remporté la Ligue des Champions 2020 avec le Bayern Munich… en étant prêté par le Barça qui l'avait mis au placard ? Philippe Coutinho
61%
Quel Brésilien surnommé "l'Ange aux jambes tordues" est né avec des difformités physiques mais est devenu l'un des plus grands joueurs de l'histoire ? Garrincha
52%
Quel Brésilien est surnommé "Messinho" et a rejoint Chelsea à 18 ans en 2025 ? Estêvão
47%
Quel Brésilien militant, médecin et footballeur, symbolisait la résistance sous la dictature brésilienne ? Sócrates
47%
Quel Brésilien a inscrit son premier but en professionnel à 16 ans pour Palmeiras, battant le record de précocité au Brésil ? Endrick
44%
Quel Brésilien a remporté la Premier League et la Ligue des Champions avec Liverpool ? Alisson
32%
Quel Brésilien a vécu reclus dans une favela de Rio, refusant de rejoindre la sélection nationale ? Adriano
29%
Quel Brésilien est le joueur le plus cher de l'histoire du Flamengo après son retour au club en 2025 ? Lucas Paquetá
27%
Quel Brésilien détient le record de sélections en équipe nationale avec 142 capes ? Cafu
26%
Quel Brésilien est devenu sénateur au Brésil après sa carrière ? Romário
21%
Quel Brésilien a remporté la Copa Libertadores deux fois avec Flamengo et est surnommé "Gabigol" ? Gabriel Barbosa
15%
Quel Brésilien a remporté 5 Coupes du Monde de suite avec le Brésil en tant que joueur… de futsal ? Falcão
12%
Quel Brésilien a remporté la Coupe du Monde comme joueur puis comme sélectionneur ? Zagallo
11%
Aucun quiz correspondant
Distribution des résultats
% des personnes avec chaque résultat
Percentile par nombre de réponses
Votre historique - résultats
Vous n’avez pas pris ce quiz